| 000 | 00729nam a2200217Ii 4500 | ||
|---|---|---|---|
| 003 | JO-AjNU | ||
| 008 | 230605s9999||||xx |||||||||||||| ||und|| | ||
| 017 | _a1982/3757 | ||
| 020 | _a977-103-023-X | ||
| 040 |
_aJO-AjNU _bara _erda _cJO-AjNU |
||
| 041 | _aara | ||
| 050 | 1 | 4 | _aG151.S5254 |
| 100 | 3 |
_aالشامي، صلاح الدين علي, _eauthor _939781 |
|
| 245 | 0 | 0 | _aالرحلة: عين الجغرافيا المبصرة في الدراسة الميدانية |
| 264 | 3 | 1 | _a الاسكندرية: منشاة المعارف |
| 300 | _a301ص | ||
| 336 |
_atext _btxt _2rdacontent |
||
| 337 |
_aunmediated _bn _2rdamedia |
||
| 338 |
_avolume _bnc _2rdacarrier |
||
| 650 | 4 |
_aالرحلات -الجغرافيا _939782 |
|
| 999 |
_aA16830 _c20398 _d20398 |
||